Quiz sur le Brésil - Statistiques

Statistiques générales
  • Ce quiz a été pris 38 fois
    13 depuis la dernière actualisation
  • Le résultat moyen est 9 sur 20
Statistiques - réponses
Indice Réponse % Correct
Capitale actuelle construite en 1000 jours. Brasilia
100%
Statue monumentale située sur le haut du mont Corcovado. Christ Rédempteur
89%
Devise présente sur le drapeau national. Ordem e progresso
78%
Monnaie brésilienne Real
78%
Président réélu en 2022 face à Bolsonaro Lula
67%
Ville devenue capitale du Portugal pendant les invasions de Napoléon. Rio de Janeiro
67%
Territoire abritant en sons sein plus de 77 tribus non contactées. Amazonie
56%
Cette viande est la base du plat national " Feijoada " Porc
56%
Surnom de l'équipe de football Seleçao
56%
Plus de 60% de sa population se déclare de cette religion Catholique
44%
Ils sont représentés par une étoile sur le drapeau. Etats
44%
Véronique Sanson voudrait aller dans cette ville Bahia
22%
Nombre de pays ayant une frontière commune Dix
22%
Le 7 septembre 1822, ce cri proclame l'indépendance du Brésil. Ipiranga
22%
Nom de l'arbre dont le pays tire son nom Pau brasil
22%
Cet explorateur portugais est le premier a accoster sur les côtes brésiliennes Pedro Alvarès
22%
Nom du commerce d'esclaves africains dont le pays était une plaque tournante Triangulaire
22%
Nom du 1er empereur souverain de ce nouvel empire du Brésil. Pierre Ier
11%
Régime autoritaire (1937-45) inspiré du fascisme européen dirigé par Getúlio Vargas Estado Novo
0%
Ile ayant la plus grande concentration de serpents au monde Queimada Grande
0%
Aucun quiz correspondant
Distribution des résultats
% des personnes avec chaque résultat
Percentile par nombre de réponses
Votre historique - résultats
Vous n’avez pas pris ce quiz depuis la dernière actualisation